[Event "Tradewise Gibraltar Chess Festival 2014 "]
[Site "The Caleta Hotel - Gibraltar"]
[Date "2014.02.03"]
[Round "7.94"]
[White "Hughes, Roy"]
[Black "Buchal, Stephan"]
[Result "1-0"]
[WhiteElo "2027"]
[BlackElo "2324"]
[PlyCount "91"]
[EventDate "2014.01.28"]

1. d4 g6 2. Bf4 Bg7 3. Nf3 d6 4. e3 Nd7 5. h3 e5 6. Bh2 Nh6 7. Be2 O-O 8. O-O
Qe7 9. c4 f5 10. Nc3 c6 11. Rc1 Nf7 12. b4 e4 13. Nd2 Nf6 14. b5 g5 15. c5 d5
16. bxc6 bxc6 17. Qa4 Qe6 18. Nb3 g4 19. Na5 Bd7 20. h4 Nh5 21. Ba6 Bh6 22. Ne2
Qf6 23. Bb7 Qxh4 24. Bxc6 Bxc6 25. Qxc6 Nf6 26. Bg3 Qg5 27. Rb1 Rac8 28. Qa6
Nh5 29. Bh2 g3 30. Nxg3 Nxg3 31. Bxg3 Qh5 32. Rb7 Rce8 33. Nc6 f4 34. Bxf4 Bxf4
35. exf4 e3 36. fxe3 Rxe3 37. Ne5 Nxe5 38. dxe5 Qg4 39. Qc6 Rd3 40. Qd7 Qg6 41.
Rb3 Rd2 42. Qh3 Qc2 43. Rc3 Qe4 44. Rg3+ Kh8 45. Qh6 Qf5 46. Qg7# 1-0

[Event "Tradewise Gibraltar Chess Festival 2014 "]
[Site "The Caleta Hotel - Gibraltar"]
[Date "2014.02.03"]
[Round "7.95"]
[White "Marttala, Thomas"]
[Black "Goncalves, Jose Antonio Silvei"]
[Result "1/2-1/2"]
[WhiteElo "2200"]
[BlackElo "1999"]
[PlyCount "84"]
[EventDate "2014.01.28"]

1. e4 e5 2. Nf3 Nc6 3. Bc4 Bc5 4. d3 Nf6 5. Nc3 h6 6. a3 d6 7. Na4 Bb6 8. Nxb6
axb6 9. O-O Bg4 10. c3 Qd7 11. Re1 Na5 12. Ba2 Be6 13. Bxe6 Qxe6 14. d4 Qb3 15.
Qd3 Nc4 16. Nd2 Nxd2 17. Bxd2 Qe6 18. d5 Qe7 19. c4 Nd7 20. b4 g5 21. a4 O-O
22. Ra3 Kg7 23. Qh3 Nf6 24. Qf5 Qd7 25. Qxd7 Nxd7 26. Rea1 Ra6 27. Be3 Rfa8 28.
f3 f6 29. Kf2 Kf7 30. Ke2 c5 31. b5 R6a7 32. Kd3 Kg6 33. g4 Kf7 34. Kc3 Nf8 35.
Kc2 Nd7 36. Bd2 Ke7 37. Kb3 Kf7 38. h4 Kg6 39. Rh1 Kg7 40. Ra2 Nf8 41. Bc3 Ng6
42. h5 Nf8 1/2-1/2

[Event "Tradewise Gibraltar Chess Festival 2014 "]
[Site "The Caleta Hotel - Gibraltar"]
[Date "2014.02.03"]
[Round "7.96"]
[White "Iagar, Razvan-Gabriel"]
[Black "Bucknell, Malcolm Gordon"]
[Result "1-0"]
[WhiteElo "2171"]
[BlackElo "1947"]
[PlyCount "79"]
[EventDate "2014.01.28"]

1. d4 e6 2. c4 b6 3. Nf3 Bb7 4. g3 Bxf3 5. exf3 Nf6 6. Bd3 Bb4+ 7. Bd2 Bxd2+ 8.
Qxd2 Nc6 9. Be4 Nxe4 10. fxe4 O-O 11. Nc3 e5 12. d5 Nd4 13. O-O-O a6 14. Ne2
Nxe2+ 15. Qxe2 Qe7 16. Kb1 d6 17. Rd3 Rae8 18. g4 b5 19. cxb5 axb5 20. Rb3 Qd7
21. Rxb5 Rb8 22. Rxb8 Rxb8 23. Rc1 h5 24. h3 Kf8 25. Rc3 hxg4 26. hxg4 Ke7 27.
f3 Rh8 28. a3 g6 29. Qc4 Rc8 30. Ka2 f5 31. gxf5 gxf5 32. Qc6 fxe4 33. Qxd7+
Kxd7 34. fxe4 c5 35. dxc6+ Rxc6 36. Rxc6 Kxc6 37. Kb3 d5 38. exd5+ Kxd5 39. Kc3
Ke4 40. Kd2 1-0

[Event "Tradewise Gibraltar Chess Festival 2014 "]
[Site "The Caleta Hotel - Gibraltar"]
[Date "2014.02.03"]
[Round "7.97"]
[White "Hamer, Martyn"]
[Black "Amgalanbaatar, Ravdanlkhumbuu"]
[Result "0-1"]
[WhiteElo "2017"]
[BlackElo "2137"]
[PlyCount "88"]
[EventDate "2014.01.28"]

1. Nf3 d6 2. d4 Nf6 3. g3 Bf5 4. Bg2 c6 5. O-O h6 6. c4 Nbd7 7. Nc3 e5 8. d5
Qc7 9. Ne1 cxd5 10. cxd5 a6 11. e4 Bg6 12. Nd3 Be7 13. h3 O-O 14. Be3 Rac8 15.
f4 exf4 16. gxf4 Rfe8 17. Qd2 Bd8 18. f5 Bh7 19. Rac1 Qb8 20. Bf3 Kh8 21. Kh1
Ba5 22. Qg2 Bxf5 23. Bxh6 Bg6 24. Bf4 Bxc3 25. bxc3 Nxe4 26. Rg1 Ndf6 27. h4
Rg8 28. h5 Bh7 29. c4 Rce8 30. Qh2 Qd8 31. Rg2 Qd7 32. Rcg1 b5 33. cxb5 Qxb5
34. Ne1 Qxd5 35. Bc1 Re5 36. Qf4 Rf5 37. Qe3 Re8 38. Qa3 Nxh5 39. Bb2 f6 40.
Ba1 Nhg3+ 41. Rxg3 Nxg3+ 42. Kh2 Qd2+ 43. Ng2 Ne4 44. Qa4 Qh6+ 0-1

[Event "Tradewise Gibraltar Chess Festival 2014 "]
[Site "The Caleta Hotel - Gibraltar"]
[Date "2014.02.03"]
[Round "7.98"]
[White "Samu, Sorin-Mihai"]
[Black "Bajer, Renato"]
[Result "1-0"]
[WhiteElo "2131"]
[BlackElo "1914"]
[PlyCount "121"]
[EventDate "2014.01.28"]

1. e4 e5 2. f4 exf4 3. Nf3 g5 4. Bc4 Bg7 5. d4 d6 6. c3 Nc6 7. g3 g4 8. Nh4 f3
9. O-O Nf6 10. Bg5 h6 11. Bxf6 Qxf6 12. Nd2 Rf8 13. Qc2 Nxd4 14. cxd4 Qxd4+ 15.
Kh1 Qxb2 16. Qxb2 Bxb2 17. Rab1 Be5 18. Rfc1 c6 19. Bd3 Kd8 20. Nc4 Kc7 21. Ne3
Be6 22. Rc2 h5 23. a4 Bf6 24. Nhf5 Rh8 25. Nd5+ Bxd5 26. exd5 c5 27. a5 h4 28.
gxh4 Bxh4 29. a6 b6 30. Nd4 g3 31. Nxf3 Rag8 32. Rg2 Bf6 33. Rbg1 Rh3 34. Rxg3
Rgh8 35. Rxh3 Rxh3 36. Kg2 Rh5 37. Bc4 Bc3 38. Rc1 Bb4 39. Rd1 Bc3 40. Rd3 Bf6
41. Kg3 Be5+ 42. Nxe5 Rxe5 43. h4 Re4 44. Rc3 f5 45. h5 Rg4+ 46. Kh3 Rg5 47.
Be2 f4 48. Rc4 Rg3+ 49. Kh4 Re3 50. Bg4 b5 51. Rxf4 c4 52. h6 c3 53. Bf5 Re2
54. Kg3 Kb6 55. h7 Re8 56. Rg4 Rh8 57. Rg8 Rxh7 58. Bxh7 Kxa6 59. Rb8 Ka5 60.
Kf3 b4 61. Bc2 1-0

[Event "Tradewise Gibraltar Chess Festival 2014 "]
[Site "The Caleta Hotel - Gibraltar"]
[Date "2014.02.03"]
[Round "7.99"]
[White "Spanton, Tim R"]
[Black "Weichelt, Jens"]
[Result "1/2-1/2"]
[WhiteElo "1995"]
[BlackElo "2116"]
[PlyCount "64"]
[EventDate "2014.01.28"]

1. d4 d5 2. Nc3 Nf6 3. Bg5 Nbd7 4. e3 e6 5. Bd3 Be7 6. Nf3 O-O 7. O-O b6 8. Ne5
Nxe5 9. dxe5 Nd7 10. Bf4 Re8 11. Qh5 Nf8 12. Rad1 a6 13. Bg3 c5 14. f4 g6 15.
Qh6 f5 16. e4 d4 17. exf5 exf5 18. Be2 Be6 19. Bf3 Rc8 20. Kh1 Rc7 21. Bf2 Rd7
22. Ne2 Bd5 23. Bxd5+ Rxd5 24. Qh3 b5 25. Qf3 Rd7 26. Rd2 Qa8 27. Qh3 Ne6 28.
Bh4 Qd8 29. Bxe7 Qxe7 30. Rfd1 Red8 31. Qa3 Nc7 32. Qb3+ Qe6 1/2-1/2

[Event "Tradewise Gibraltar Chess Festival 2014 "]
[Site "The Caleta Hotel - Gibraltar"]
[Date "2014.02.03"]
[Round "7.100"]
[White "Khachatourian, Yerazik"]
[Black "Compton, Alistair"]
[Result "1/2-1/2"]
[WhiteElo "1955"]
[BlackElo "2105"]
[PlyCount "61"]
[EventDate "2014.01.28"]

1. e4 e6 2. d4 d5 3. Nc3 Nf6 4. Bg5 Bb4 5. e5 h6 6. Bd2 Bxc3 7. bxc3 Ne4 8. Qg4
g6 9. Bd3 Bd7 10. Bxe4 dxe4 11. Ne2 Bc6 12. h4 Nd7 13. Nf4 Qe7 14. c4 Nb6 15.
Qe2 O-O-O 16. c5 Nd5 17. Nxd5 Bxd5 18. Be3 f6 19. exf6 Qxf6 20. c4 Bc6 21. Rd1
Rhg8 22. g4 g5 23. h5 Rgf8 24. Rh3 Qg7 25. Rd2 Rf7 26. Qd1 Rfd7 27. a4 Qf6 28.
a5 a6 29. Qe2 Qg7 30. Qd1 Qf6 31. Qe2 1/2-1/2

[Event "Tradewise Gibraltar Chess Festival 2014 "]
[Site "The Caleta Hotel - Gibraltar"]
[Date "2014.02.03"]
[Round "7.101"]
[White "Machlik, Jon"]
[Black "Pabalan, Rocky"]
[Result "0-1"]
[WhiteElo "1891"]
[BlackElo "2103"]
[PlyCount "68"]
[EventDate "2014.01.28"]

1. e4 c5 2. Nf3 g6 3. d4 Bg7 4. Be3 cxd4 5. Bxd4 Nf6 6. Nc3 Nc6 7. Be3 Ng4 8.
Bd2 Qb6 9. Qe2 Qxb2 10. Rb1 Qxc2 11. Rc1 Qb2 12. Qc4 Qb6 13. Nd5 Qxf2+ 14. Kd1
O-O 15. Rc2 b5 16. Qd3 Nd4 17. h3 Qxf3+ 18. Qxf3 Nxf3 19. hxg4 Nxd2 20. Rxd2 e6
21. Ne7+ Kh8 22. g3 Bf6 23. Nxc8 Rfxc8 24. Rdh2 Rab8 25. Rxh7+ Kg8 26. R7h2 a5
27. Rd2 Rc7 28. Rhh2 b4 29. Rc2 Rxc2 30. Rxc2 a4 31. Rc4 b3 32. axb3 axb3 33.
Kc1 b2+ 34. Kb1 Ra8 0-1

[Event "Tradewise Gibraltar Chess Festival 2014 "]
[Site "The Caleta Hotel - Gibraltar"]
[Date "2014.02.03"]
[Round "7.102"]
[White "Walton, Alan J"]
[Black "Densing, Gerd"]
[Result "1-0"]
[WhiteElo "2083"]
[BlackElo "1875"]
[PlyCount "95"]
[EventDate "2014.01.28"]

1. d4 b6 2. e4 Bb7 3. Bd3 e6 4. c4 c5 5. d5 e5 6. Nc3 d6 7. f4 Nd7 8. Nf3 f6 9.
O-O Qe7 10. Nb5 Kd8 11. fxe5 Nxe5 12. Bf4 a6 13. Bxe5 axb5 14. Bg3 b4 15. Qb3
Kc7 16. Rae1 Qd7 17. Qc2 Nh6 18. e5 dxe5 19. Nxe5 fxe5 20. Rxe5 Bd6 21. Bf5
Nxf5 22. Rexf5 Rae8 23. Qd3 Bxg3 24. Qxg3+ Kc8 25. Rf7 Re7 26. Qxg7 Rhe8 27.
Qxh7 b5 28. b3 bxc4 29. bxc4 Ba6 30. Rxe7 Qxe7 31. Qg6 Bxc4 32. Qg4+ Kb7 33.
Qxc4 Qe3+ 34. Kh1 Qe2 35. Qf4 Qe5 36. Qf3 Qe4 37. Qd1 Qe2 38. Qb1 Ra8 39. Rf6
Re8 40. Rf1 Ra8 41. Re1 Qxa2 42. Qh7+ Kb6 43. Qg6+ Kb5 44. Qc6+ Kc4 45. Rc1+
Kd3 46. Qxc5 b3 47. Qc4+ Kd2 48. Qc3+ 1-0

[Event "Tradewise Gibraltar Chess Festival 2014 "]
[Site "The Caleta Hotel - Gibraltar"]
[Date "2014.02.03"]
[Round "7.103"]
[White "George, Lolomari Erekosima"]
[Black "Kandic, Milan"]
[Result "0-1"]
[WhiteElo "1853"]
[BlackElo "2080"]
[PlyCount "84"]
[EventDate "2014.01.28"]

1. Nf3 c5 2. b3 d5 3. Bb2 Nc6 4. g3 Bg4 5. Bg2 Nf6 6. O-O Qd7 7. e3 Bh3 8. d4
Bxg2 9. Kxg2 h5 10. Ne5 Nxe5 11. dxe5 Ne4 12. Nc3 Nxc3 13. Bxc3 h4 14. Qe2 a6
15. Rad1 hxg3 16. fxg3 Qh3+ 17. Kg1 e6 18. Rf3 g6 19. Rdf1 Rh7 20. Qf2 Bh6 21.
Bd2 O-O-O 22. Rxf7 Rxf7 23. Qxf7 Rf8 24. Qxf8+ Bxf8 25. Rxf8+ Kd7 26. Rf7+ Kc6
27. Rf6 Qg4 28. Kf2 g5 29. a4 Qh3 30. Kg1 b5 31. axb5+ Kxb5 32. c3 Qh5 33. Be1
Qd1 34. Kf1 Qd3+ 35. Kf2 Qh7 36. Kg2 Qe4+ 37. Kf2 Qxe5 38. Rf7 Qe4 39. Rb7+ Kc6
40. Rf7 Qc2+ 41. Kf3 g4+ 42. Kf4 Qg6 0-1

[Event "Tradewise Gibraltar Chess Festival 2014 "]
[Site "The Caleta Hotel - Gibraltar"]
[Date "2014.02.03"]
[Round "7.104"]
[White "Dasaolu, Rotimi"]
[Black "Steenbergen, Pepijn"]
[Result "1-0"]
[WhiteElo "2077"]
[BlackElo "1772"]
[PlyCount "65"]
[EventDate "2014.01.28"]

1. c4 Nf6 2. Nc3 e5 3. g3 Bb4 4. Bg2 O-O 5. e3 Bxc3 6. dxc3 d6 7. Ne2 c6 8. O-O
Be6 9. b3 Qc7 10. e4 Ne8 11. f4 f5 12. Bh3 g6 13. Ba3 Nd7 14. fxe5 Nxe5 15. Nd4
Bd7 16. exf5 Ng7 17. Ne6 Bxe6 18. fxe6 Rxf1+ 19. Kxf1 c5 20. Qd5 Ne8 21. Rd1
Kg7 22. Bc1 Rd8 23. Bg5 Nf6 24. Bxf6+ Kxf6 25. Kg2 Kg7 26. Rf1 Qe7 27. Kh1 Rf8
28. Rd1 Rf2 29. b4 Qf6 30. Bg2 Ng4 31. Qxb7+ Kh6 32. Qe4 Rxa2 33. Qxg4 1-0

[Event "Tradewise Gibraltar Chess Festival 2014 "]
[Site "The Caleta Hotel - Gibraltar"]
[Date "2014.02.03"]
[Round "7.105"]
[White "Omoifo, Osemekhian I"]
[Black "Cruz Fiallos, Hamilton Tarley"]
[Result "1-0"]
[WhiteElo "2076"]
[BlackElo "1844"]
[PlyCount "137"]
[EventDate "2014.01.28"]

1. e4 e6 2. d3 d5 3. Nd2 Nf6 4. g3 Be7 5. Bg2 c5 6. Ne2 O-O 7. O-O Nc6 8. h3 b5
9. a4 b4 10. exd5 Nxd5 11. Nc4 Ba6 12. Nf4 Bf6 13. Nxd5 exd5 14. Ne3 Ne7 15.
Qh5 Bb7 16. Ng4 Bd4 17. Rb1 g6 18. Qg5 Nf5 19. Qf4 Qb8 20. c3 Qxf4 21. Bxf4 Bg7
22. Ne3 Nxe3 23. Bxe3 Rac8 24. c4 Rfd8 25. b3 Ba8 26. Rfd1 d4 27. Bf4 Re8 28.
Re1 Bxg2 29. Kxg2 f5 30. g4 fxg4 31. hxg4 Kf7 32. Kf3 h6 33. Bd2 Bf8 34. Kg2
Rcd8 35. f4 Bd6 36. Kf3 h5 37. gxh5 gxh5 38. Rxe8 Rxe8 39. Rh1 Rh8 40. Ke4 h4
41. Rh3 Kg6 42. Kd5 Bf8 43. Ke6 Kh5 44. Kf5 Bh6 45. Rh1 Rf8+ 46. Ke4 Rg8 47.
Be1 Rg4 48. Kd5 Bf8 49. f5 Rf4 50. f6 Rxf6 51. Bxh4 Rf5+ 52. Ke4 Rf7 53. Be7+
Kg4 54. Rg1+ Kh5 55. Bxf8 Rxf8 56. Rg7 Re8+ 57. Kd5 Re3 58. Kxc5 Rxd3 59. Rxa7
Rxb3 60. Rd7 d3 61. a5 Kg4 62. a6 Ra3 63. Kxb4 Rxa6 64. Rxd3 Kf5 65. Re3 Re6
66. Rxe6 Kxe6 67. Kc5 Kd7 68. Kb6 Kc8 69. Kc6 1-0

[Event "Tradewise Gibraltar Chess Festival 2014 "]
[Site "The Caleta Hotel - Gibraltar"]
[Date "2014.02.03"]
[Round "7.106"]
[White "Nordstrom, Hakon N"]
[Black "Suez-Panama, Gilles"]
[Result "0-1"]
[WhiteElo "1835"]
[BlackElo "2071"]
[PlyCount "32"]
[EventDate "2014.01.28"]

1. e4 e6 2. d4 d5 3. Nc3 Nf6 4. e5 Ng8 5. f4 c5 6. Nf3 Nc6 7. Be3 cxd4 8. Nxd4
Bd7 9. Bd3 a6 10. Nf3 Nh6 11. Ng5 d4 12. Bxh7 dxc3 13. Qh5 cxb2 14. Rd1 Qa5+
15. Kf2 O-O-O 16. Be4 Bc5 0-1

[Event "Tradewise Gibraltar Chess Festival 2014 "]
[Site "The Caleta Hotel - Gibraltar"]
[Date "2014.02.03"]
[Round "7.107"]
[White "Kenney, David"]
[Black "Whatley, Stephen A J"]
[Result "1/2-1/2"]
[WhiteElo "1999"]
[BlackElo "1864"]
[PlyCount "61"]
[EventDate "2014.01.28"]

1. d4 f5 2. c4 Nf6 3. g3 g6 4. Bg2 Bg7 5. Nc3 d6 6. Nf3 O-O 7. O-O c6 8. b3 Na6
9. Bb2 Qe8 10. d5 Ne4 11. Qc1 Nxc3 12. Bxc3 e5 13. dxe6 Bxc3 14. Qxc3 Bxe6 15.
e3 Nc5 16. Nd2 Qe7 17. Rad1 Rac8 18. Qd4 Rfd8 19. e4 Qf7 20. e5 b6 21. exd6 Nb7
22. Nf3 Rxd6 23. Qa1 Rcd8 24. Rxd6 Rxd6 25. Rd1 Qd7 26. Rxd6 Qxd6 27. Qe1 Nd8
28. Ne5 c5 29. Nf3 Bd7 30. Ne5 Be6 31. Qe2 1/2-1/2

[Event "Tradewise Gibraltar Chess Festival 2014 "]
[Site "The Caleta Hotel - Gibraltar"]
[Date "2014.02.03"]
[Round "7.108"]
[White "Jacobsen, Fredrik Beer"]
[Black "Gravett, Alan D"]
[Result "1/2-1/2"]
[WhiteElo "1991"]
[BlackElo "1872"]
[PlyCount "62"]
[EventDate "2014.01.28"]

1. e4 c5 2. Nc3 d6 3. g3 Nc6 4. Bg2 g6 5. d3 Bg7 6. Be3 e5 7. Qd2 Nd4 8. Nd1
Ne7 9. c3 Ndc6 10. Bh6 O-O 11. Bxg7 Kxg7 12. Ne2 d5 13. exd5 Nxd5 14. O-O Be6
15. Ne3 Qd7 16. f4 f5 17. Rae1 Rae8 18. a3 b6 19. c4 Nxe3 20. Qxe3 exf4 21.
Qxf4 Bf7 22. Bxc6 Qxc6 23. Nc3 Qd7 24. Rd1 Rd8 25. Rfe1 Rfe8 26. Rxe8 Qxe8 27.
Kf2 Rd4 28. Qf3 Qd8 29. b3 a6 30. a4 Rd6 31. Qe3 Qe8 1/2-1/2

[Event "Tradewise Gibraltar Chess Festival 2014 "]
[Site "The Caleta Hotel - Gibraltar"]
[Date "2014.02.03"]
[Round "7.109"]
[White "Lochte, Szilvia"]
[Black "Lobersli, Henrik Oie"]
[Result "1/2-1/2"]
[WhiteElo "1951"]
[BlackElo "1862"]
[PlyCount "89"]
[EventDate "2014.01.28"]

1. d4 f5 2. Bg5 g6 3. Nd2 Bg7 4. e4 d6 5. Ngf3 fxe4 6. Nxe4 Nf6 7. Nxf6+ exf6
8. Be3 Be6 9. Qd2 Nd7 10. Bd3 Nb6 11. Qe2 Qd7 12. c4 O-O-O 13. O-O Bf5 14. a4
d5 15. b3 Bxd3 16. Qxd3 Kb8 17. c5 Nc8 18. b4 Ne7 19. b5 Ka8 20. Qc3 h5 21. Qa5
Bh6 22. Bxh6 Rxh6 23. Rfe1 Rh7 24. Re2 g5 25. Rae1 Nf5 26. Re6 g4 27. c6 Qc8
28. Nd2 Nxd4 29. Re7 Rxe7 30. Rxe7 b6 31. Qc3 Nf5 32. Re1 a5 33. Qxf6 Rf8 34.
Qe5 Qd8 35. Rd1 Nd6 36. Qxd5 Qf6 37. Rf1 Qf4 38. Qa2 h4 39. g3 hxg3 40. fxg3
Qe3+ 41. Kh1 Rf2 42. Rxf2 Qxf2 43. Qd5 Kb8 44. Qd3 Ka7 45. Qd5 1/2-1/2

[Event "Tradewise Gibraltar Chess Festival 2014 "]
[Site "The Caleta Hotel - Gibraltar"]
[Date "2014.02.03"]
[Round "7.110"]
[White "Knudsen, Jes West"]
[Black "Andersen, Daniel"]
[Result "1-0"]
[WhiteElo "1874"]
[BlackElo "1941"]
[PlyCount "87"]
[EventDate "2014.01.28"]

1. e4 e6 2. d3 c5 3. g3 Nc6 4. Bg2 d5 5. Nd2 Nf6 6. Ngf3 Be7 7. O-O O-O 8. Re1
b5 9. e5 Nd7 10. Qe2 a5 11. h4 f5 12. exf6 Nxf6 13. Bh3 Bd6 14. Bxe6+ Bxe6 15.
Qxe6+ Kh8 16. c3 Re8 17. Qh3 Rxe1+ 18. Nxe1 Qe7 19. Ndf3 Ne5 20. Bg5 h6 21.
Nxe5 Qxe5 22. Ng2 hxg5 23. hxg5+ Kg8 24. gxf6 Qxf6 25. Re1 Rf8 26. f4 d4 27.
Re6 Qd8 28. Qh5 dxc3 29. bxc3 Be7 30. Qe2 Bf6 31. c4 b4 32. Ne3 Qd4 33. Kg2 Qb2
34. Qxb2 Bxb2 35. Ra6 Bd4 36. Kf3 Re8 37. Nd5 Re1 38. Rxa5 Rf1+ 39. Kg4 Rd1 40.
Ra8+ Kh7 41. f5 Rxd3 42. Nf4 Re3 43. Ng6 Re4+ 44. Kh5 1-0

[Event "Tradewise Gibraltar Chess Festival 2014 "]
[Site "The Caleta Hotel - Gibraltar"]
[Date "2014.02.03"]
[Round "7.111"]
[White "Dennis, Nigel W"]
[Black "Krokay, Urszula"]
[Result "0-1"]
[WhiteElo "1848"]
[BlackElo "1926"]
[PlyCount "90"]
[EventDate "2014.01.28"]

1. e4 e5 2. Nf3 Nc6 3. Bb5 a6 4. Ba4 Nf6 5. O-O Be7 6. Re1 b5 7. Bb3 O-O 8. h3
Bb7 9. c3 d6 10. d4 Qc8 11. Nbd2 Re8 12. Nf1 Bf8 13. Bg5 Be7 14. Ng3 g6 15. a3
Bd8 16. Bh6 Na5 17. Ba2 c5 18. dxe5 dxe5 19. Bd5 Nxd5 20. exd5 f6 21. Ne4 Qd7
22. Nxc5 Qxd5 23. Nxb7 Qxb7 24. Qc2 Qf7 25. Qe4 Bb6 26. a4 Nb3 27. Rad1 Nc5 28.
Qd5 Nxa4 29. Qxf7+ Kxf7 30. Rd6 Rad8 31. Rc6 Re6 32. Rxe6 Kxe6 33. Ra1 a5 34.
c4 Nxb2 35. cxb5 e4 36. Re1 Rd1 37. Rxd1 Nxd1 38. Nd2 Kd5 39. Kf1 Nxf2 40. Ke2
Nd3 41. Be3 Nc5 42. Kd1 f5 43. g3 Na4 44. Bxb6 Nxb6 45. Nb3 a4 0-1

[Event "Tradewise Gibraltar Chess Festival 2014 "]
[Site "The Caleta Hotel - Gibraltar"]
[Date "2014.02.03"]
[Round "7.112"]
[White "Jorgensen, Line Jin"]
[Black "Villa Armenta, Enrique"]
[Result "1-0"]
[WhiteElo "1925"]
[BlackElo "1718"]
[PlyCount "124"]
[EventDate "2014.01.28"]

1. d4 d5 2. c4 c6 3. Nf3 Nf6 4. e3 Bf5 5. Nc3 e6 6. Bd2 Qb6 7. Qb3 Qxb3 8. axb3
Bb4 9. Rc1 Nbd7 10. Nh4 Bg6 11. Nxg6 hxg6 12. cxd5 exd5 13. Be2 a5 14. O-O O-O
15. Rfd1 Ne4 16. Be1 Nb6 17. Ra1 Bxc3 18. bxc3 a4 19. f3 Nd6 20. Bg3 Nf5 21.
Bc7 Nd7 22. e4 dxe4 23. fxe4 Ne3 24. Rdb1 axb3 25. Rxa8 Rxa8 26. Kf2 Nc2 27.
Rxb3 b5 28. Rb2 Na1 29. Bf4 Nf6 30. Bf3 Ra3 31. e5 Nd5 32. Bxd5 cxd5 33. Bd2
Nb3 34. Ke2 b4 35. cxb4 Nxd4+ 36. Kf2 Nb5 37. Rc2 Rd3 38. Rc8+ Kh7 39. Ke1 Nd4
40. Rc3 Rxc3 41. Bxc3 Nb5 42. Kd2 Kg8 43. Kd3 Kf8 44. h4 Ke7 45. g4 Ke6 46. Bb2
f6 47. exf6 gxf6 48. h5 gxh5 49. gxh5 Kf5 50. Bc1 Ke6 51. Ke3 Kf5 52. h6 Kg6
53. Kd3 f5 54. Bd2 Kh7 55. Kc2 Nd4+ 56. Kc3 Ne6 57. b5 f4 58. Bxf4 Nxf4 59. b6
d4+ 60. Kd2 Kxh6 61. b7 Kg5 62. b8=Q d3 1-0

[Event "Tradewise Gibraltar Chess Festival 2014 "]
[Site "The Caleta Hotel - Gibraltar"]
[Date "2014.02.03"]
[Round "7.113"]
[White "Othman, Mustapha"]
[Black "Rygg, Snorre"]
[Result "1-0"]
[WhiteElo "1905"]
[BlackElo "1840"]
[PlyCount "51"]
[EventDate "2014.01.28"]

1. e4 c5 2. Nf3 d6 3. d4 cxd4 4. Nxd4 Nf6 5. Nc3 a6 6. Be3 e5 7. Nb3 Be6 8. f3
Be7 9. Qd2 d5 10. Nxd5 Nxd5 11. exd5 Qxd5 12. Qxd5 Bxd5 13. O-O-O Bc6 14. Na5
O-O 15. Bc4 b5 16. Bb3 Rc8 17. Nxc6 Nxc6 18. Rd7 Rd8 19. Rhd1 Kf8 20. Bb6 Rxd7
21. Rxd7 Rc8 22. c3 g6 23. Kd1 Ke8 24. Rb7 f6 25. Be6 Rb8 26. Bd7+ 1-0

[Event "Tradewise Gibraltar Chess Festival 2014 "]
[Site "The Caleta Hotel - Gibraltar"]
[Date "2014.02.03"]
[Round "7.114"]
[White "Zachariassen, John"]
[Black "Kuenitz, Klaus"]
[Result "1-0"]
[WhiteElo "1894"]
[BlackElo "1525"]
[PlyCount "101"]
[EventDate "2014.01.28"]

1. c4 f5 2. Nc3 Nf6 3. Nf3 g6 4. g3 Bg7 5. Bg2 d6 6. O-O e5 7. d3 O-O 8. Bd2
Nc6 9. Rb1 a5 10. a3 h6 11. b4 axb4 12. axb4 g5 13. Nd5 Ne7 14. Nxf6+ Bxf6 15.
Bc3 Qe8 16. Qc2 h5 17. Ra1 Rxa1 18. Rxa1 Qg6 19. c5 Qg7 20. cxd6 cxd6 21. Rd1
Be6 22. Qb2 Nd5 23. e4 Nxc3 24. Qxc3 Rc8 25. Qd2 g4 26. Ne1 Bg5 27. Qb2 f4 28.
gxf4 Bxf4 29. Bf1 Qg5 30. Ng2 Bc1 31. Qb1 Rc3 32. d4 Bb3 33. Rd3 Rxd3 34. Qxd3
Bf7 35. dxe5 dxe5 36. Qc2 Bd2 37. Qc8+ Kg7 38. Qxb7 Kg6 39. b5 h4 40. Qd7 h3
41. Nh4+ Qxh4 42. Qxd2 Qf6 43. Qe3 Be8 44. Qc5 Kg5 45. b6 Bc6 46. Qb4 Bb7 47.
Qd2+ Kh5 48. Qe3 Qc6 49. Be2 Qg6 50. Qxh3+ Kg5 51. Qxg4+ 1-0

[Event "Tradewise Gibraltar Chess Festival 2014 "]
[Site "The Caleta Hotel - Gibraltar"]
[Date "2014.02.03"]
[Round "7.115"]
[White "Holleland, Sigve"]
[Black "Roser, Ludwig"]
[Result "1/2-1/2"]
[WhiteElo "1812"]
[BlackElo "1882"]
[PlyCount "64"]
[EventDate "2014.01.28"]

1. d4 d6 2. e4 Nf6 3. Nc3 Nbd7 4. Nf3 e5 5. Bc4 Be7 6. O-O O-O 7. b4 Nb6 8. Bb3
exd4 9. Qxd4 c5 10. bxc5 dxc5 11. Qxd8 Rxd8 12. Ne5 Be6 13. Bxe6 fxe6 14. Be3
Nfd7 15. Nxd7 Rxd7 16. Rad1 Rad8 17. Rxd7 Rxd7 18. Rd1 Rxd1+ 19. Nxd1 Nc4 20.
Bc1 Bf6 21. Ne3 Nd6 22. f3 Bd4 23. Kf2 Nc4 24. Ke2 Nd6 25. Kd3 b5 26. c4 b4 27.
Nc2 Bf6 28. f4 Bc3 29. g4 g6 30. e5 Nb7 31. Ne3 Kf7 32. Ke4 a5 1/2-1/2

[Event "Tradewise Gibraltar Chess Festival 2014 "]
[Site "The Caleta Hotel - Gibraltar"]
[Date "2014.02.03"]
[Round "7.117"]
[White "Kristinsson, Magnus"]
[Black "Nilsen, Martin"]
[Result "0-1"]
[WhiteElo "1741"]
[BlackElo "1878"]
[PlyCount "76"]
[EventDate "2014.01.28"]

1. d4 Nf6 2. c4 c5 3. d5 e6 4. Nc3 exd5 5. cxd5 d6 6. Nf3 g6 7. Bf4 a6 8. a4
Bg7 9. h3 O-O 10. e3 Re8 11. Bd3 Nbd7 12. a5 b5 13. axb6 Qxb6 14. Qc2 Bb7 15.
Bc4 Qc7 16. Rd1 Nb6 17. b3 Nxc4 18. bxc4 Bc8 19. O-O Bf5 20. Qc1 Reb8 21. g4
Ne4 22. Nxe4 Bxe4 23. Ng5 Bb1 24. Qa3 Bc2 25. Rd2 Bb3 26. Ne4 Bf8 27. Nxc5 Qxc5
28. Qxc5 dxc5 29. Bxb8 Rxb8 30. Rb1 a5 31. d6 a4 32. Rd5 Rd8 33. Rxc5 Bxd6 34.
Rc6 Be5 35. f4 Bg7 36. Kf2 Ra8 37. c5 a3 38. Rxb3 a2 0-1

[Event "Tradewise Gibraltar Chess Festival 2014 "]
[Site "The Caleta Hotel - Gibraltar"]
[Date "2014.02.03"]
[Round "7.119"]
[White "Edakina, Anastasia"]
[Black "Neumanova, Monika"]
[Result "1-0"]
[WhiteElo "1756"]
[BlackElo "1719"]
[PlyCount "65"]
[EventDate "2014.01.28"]

1. e4 c5 2. Nf3 Nc6 3. Bb5 e6 4. Bxc6 bxc6 5. O-O d6 6. d3 Nf6 7. e5 Nd7 8.
exd6 Bxd6 9. Nbd2 O-O 10. Nc4 Bc7 11. Bg5 f6 12. Bh4 Nb6 13. Bg3 e5 14. Nfd2
Nd5 15. f3 Re8 16. Bf2 Qe7 17. Ne4 Bb6 18. Ned6 Rd8 19. Nxc8 Raxc8 20. Qe2 Nc7
21. f4 Re8 22. fxe5 fxe5 23. Rae1 Nb5 24. Qxe5 Qd7 25. Qh5 Nd4 26. Ne5 Qd5 27.
c4 Qd8 28. Qf7+ Kh8 29. Qh5 Kg8 30. Bh4 Qd6 31. Rf7 Qe6 32. Qg5 g6 33. Qh6 1-0

[Event "Tradewise Gibraltar Chess Festival 2014 "]
[Site "The Caleta Hotel - Gibraltar"]
[Date "2014.02.03"]
[Round "7.122"]
[White "Hermes, Geoff R"]
[Black "Christophe-Hayot, Romain"]
[Result "1/2-1/2"]
[WhiteElo "1998"]
[BlackElo "1842"]
[PlyCount "102"]
[EventDate "2014.01.28"]

1. e4 d5 2. exd5 Nf6 3. Nf3 Bg4 4. h3 Bxf3 5. Qxf3 Qxd5 6. Be2 c6 7. Nc3 Qxf3
8. Bxf3 e6 9. d3 Na6 10. a3 O-O-O 11. b4 Nd5 12. Nxd5 cxd5 13. O-O Bd6 14. c4
Be5 15. Rb1 dxc4 16. dxc4 Nc7 17. Be3 Bd4 18. Rfd1 Bxe3 19. fxe3 Rhe8 20. Kf2
e5 21. Be4 g6 22. g4 Ne6 23. Bd5 Kc7 24. e4 Nd4 25. Rdc1 Rf8 26. Ke3 f5 27.
gxf5 gxf5 28. exf5 Rxf5 29. Rg1 Rd7 30. Be4 Rh5 31. Rg3 Rh4 32. Rbg1 h6 33. Rf1
Ne2 34. Rg4 Rxg4 35. hxg4 Nf4 36. Rh1 Rd6 37. c5 Rf6 38. b5 Ne6 39. Rc1 Ng5 40.
Bf5 b6 41. a4 h5 42. Rd1 bxc5 43. a5 Rf7 44. Rd5 hxg4 45. Bxg4 Re7 46. Rxc5+
Kd6 47. Rc6+ Kd5 48. Be2 e4 49. Bc4+ Ke5 50. b6 axb6 51. axb6 Nf7 1/2-1/2